Diagnostický ultrazvuk v neurológii

Bibliographic Details
Main Author: Brozman, Miroslav, 1920-1993 (Author)
Format: Article
Language:Slovak
PhysicalDescription:Tab. 9, lit. 36 zázn. v angl., nem., slov.
ISSN:0301-0597
Subjects:

MARC

LEADER 00000nab a2200000 a 4500
001 vtls000553451
003 SK-MaSNL
005 20260304171932.0
008 250425c1993 xo 0 slo
015 |a SNBRB19rr/mm-uuuuu 
035 |a CL0553589 
035 |a urn:nbn:sk:snk-abal19 
035 |a (urnnbn)urn:nbn:sk:snk:ar-008fqn 
035 |a (uuid)f8a16485-ede5-4058-a3cd-b9f8b7d85235 
040 |a SNKBUCL  |b slo  |c SNKBUCL  |e AACR2 
041 0 |a slo 
044 |a xo  |c SK 
080 |a 616.8-073.756.8  |2 1981 
100 1 |a Brozman, Miroslav,  |d 1920-1993  |4 aut  |9 38619 
245 1 0 |a Diagnostický ultrazvuk v neurológii  |c Miroslav Brozman 
300 |b Tab. 9, lit. 36 zázn. v angl., nem., slov. 
650 0 7 |a neurológia  |2 snkbucl  |9 908 
650 0 7 |a ultrasonografia  |2 snkbucl  |9 13510 
655 7 |a články z novín a časopisov  |2 snkbucl  |9 267496 
773 0 |t Česká a slovenská neurologie a neurochirurgie  |g Roč. 56/89, č. 5-6 (1993), s. 210-217  |x 0301-0597 
850 |a Slovenská národná knižnica 
852 |a Slovenská národná knižnica 
954 |a odborná, vedecká literatúra pôvodná (slovenská)  |2 lita 
958 |a article14 
958 |a NB 
958 |a RK 
958 |a NX 
958 |a MI 
958 |a OND 
958 |a EUIPO 
992 |a RBX 
999 |c 2995615  |d 2997545